Joueurs du Fc Barcelone 2022/2023 - Statistiques

Statistiques générales
  • Ce quiz a été pris 599 fois
  • Le résultat moyen est 17 sur 22
Statistiques - réponses
Poste Nom % Correct
G Marc-André ter Stegen
97%
MC Gavi
95%
MC Pedri
95%
Coach Xavi
93%
DC Jules Kounde
88%
BU Robert Lewandowski
88%
DC Ronald Araújo
86%
MC Frenkie de Jong
85%
MDC-MC Sergio Busquets
85%
AG-AD Ousmane Dembélé
84%
DG-DD Jordi Alba
83%
AG-AD Ferran Torres
79%
AG-AD Ansu Fati
78%
AG-AD-MG-MD Raphinha
78%
DC Andreas Christensen
76%
DC Gerard Piqué
70%
DLD-DLG Sergi Roberto
65%
MC-DC Franck Kessie
61%
DC Eric García
59%
DG-DD Marcos Alonso
55%
BU-AG-AD Memphis Depay
52%
DG-DD Héctor Bellerín
30%
Aucun quiz correspondant
Distribution des résultats
% des personnes avec chaque résultat
Percentile par nombre de réponses
Votre historique - résultats
Vous n’avez pas pris ce quiz